Graphic Design Thinking Beyond Brainstorming

Gespeichert in:
Bibliographische Detailangaben
Weitere Verfasser: Lupton, Ellen
Format: Buch
Sprache:Englisch
Veröffentlicht: New York Princeton Architectural Press 2011
Schlagworte:
Tags: Tag hinzufügen
Keine Tags, Fügen Sie das erste Tag hinzu!

MARC

LEADER 00000nam a2200000 4500
001 0278021
005 20240306140309.3
020 |a 978-1-56898-979-2 
041 0 |a eng 
044 |a US 
245 1 0 |a Graphic Design Thinking  |b Beyond Brainstorming  |c Editor: Ellen Lupton 
264 1 |a New York  |b Princeton Architectural Press  |c 2011 
300 |a 184 s. 
610 2 0 |a dizajn 
610 2 0 |a grafika počítačová 
610 2 0 |a dizajnéri 
610 2 0 |a kreativita 
610 2 0 |a brainstorming 
700 1 |a Lupton, Ellen